Niños y niñas: construyen su ambiente del futuro. La educación ambiental en la educación parvularia
Gespeichert in:
| 1. Verfasser: | |
|---|---|
| Format: | Buch |
| Sprache: | Spanisch |
| Veröffentlicht: |
Santiago
Ministerio de Educación
1993
|
| Schriftenreihe: | Tercer Módulo de Educación Ambiental
|
| Schlagworte: | |
| Tags: |
Tag hinzufügen
Keine Tags, Fügen Sie den ersten Tag hinzu!
|
MARC
| LEADER | 00000nam a2200000 a 4500 | ||
|---|---|---|---|
| 001 | UCK7689 | ||
| 003 | CL-VaPUC | ||
| 008 | 051202e19930000CL |||||||||||||||||spa|d | ||
| 082 | 0 | 4 | |a 372.21 |b VAL |2 21 |
| 100 | 0 | |a Valenzuela Horta, Ricardo |e author |9 497237 | |
| 245 | 1 | 0 | |a Niños y niñas: construyen su ambiente del futuro. La educación ambiental en la educación parvularia |
| 300 | |a 29 p | ||
| 942 | |c BK | ||
| 945 | |d 20051202 00:00:00 |a jtorresc | ||
| 260 | |a Santiago |b Ministerio de Educación |c 1993 | ||
| 650 | 0 | |a Educación ambiental |9 262920 | |
| 650 | 0 | |a Métodos de enseñanza |9 270413 | |
| 650 | 0 | |a Medio ambiente |9 257625 | |
| 650 | 0 | |a Educación preescolar |9 260381 | |
| 583 | |a last modification |c 20051202 00:00:00 |k Rodrigo Vera | ||
| 490 | 0 | |a Tercer Módulo de Educación Ambiental | |
| 999 | |c 315540 |d 315538 | ||
| 952 | |0 0 |1 0 |4 0 |6 372_210000000000000_VAL_1993 |7 0 |8 P |9 388881 |a BIBEDU |b BIBEDU |c BIBEDU_PB |d 2019-11-22 |i 4187628 |o 372.21 VAL 1993 |p 4187628 |r 2024-01-25 |w 2019-11-22 |y BK |k EBA | ||
| 952 | |0 0 |1 0 |4 0 |6 372_210000000000000_VAL_1993 |7 0 |8 P |9 388882 |a BIBEDU |b BIBEDU |c BIBEDU_PB |d 2019-11-22 |i 4187636 |o 372.21 VAL 1993 |p 4187636 |r 2024-01-25 |w 2019-11-22 |y BK |k EBA | ||
| 952 | |0 0 |1 0 |4 0 |6 372_210000000000000_VAL_1993 |7 0 |8 P |9 388883 |a BIBEDU |b BIBEDU |c BIBEDU_PB |d 2019-11-22 |i 4187644 |o 372.21 VAL 1993 |p 4187644 |r 2024-01-25 |w 2019-11-22 |y BK |k EBA | ||
| 952 | |0 0 |1 0 |4 0 |6 372_210000000000000_VAL_1993 |7 0 |8 P |9 388884 |a BIBEDU |b BIBEDU |c BIBEDU_PB |d 2019-11-22 |i 4187652 |o 372.21 VAL 1993 |p 4187652 |r 2024-01-25 |w 2019-11-22 |y BK |k EBA | ||